000 00633nam a2200253Ia 4500
003 OSt
005 20221006145016.0
006 a|||||r|||| 00| 0
007 ta
008 221006b |||||||| |||| 00| 0 eng d
020 _c90.00
024 _a13,488
037 _cTextual
040 _aEASL
_cEASL
_beng
041 _2eng
_aeng
082 _aV4461.M3, L9
100 _aPEMBERTON R B
_9104191
245 0 _aEastern frontier of India
260 _aDelhi
_bMittal Pub.
_c1979
300 _a360p.
_ccm.
490 _v Oth
942 _hV4461.M3, L9
_cTEXL
_2CC
999 _c1081574
_d1081574